000 00471nam a22001817a 4500
003 MPLRDC
005 20220104142610.0
008 210129b ||||| |||| 00| 0 eng d
020 _a7-80074-583-X
082 _a628.5 WJY c.2
100 _a王俊彦
245 _a日本战犯审判秘闻
_c
250 _a一版一刷
260 _a
_b中国华侨出版社
_c1998
300 _b
650 _a中国现代史; 民国史--中日战争
942 _cBK
_o628.5 WJY c.2
999 _c32186
_d32176